000 00918nam a2200277 i 4500
001 000006836
003 DO-SdBNP
005 20231128101149.0
007 ta
008 090903s1981 dr 001 0 spa d
040 _aDO-SdBNP
_bspa
_cBNPHU
_erda
082 4 _a460.7
_bB456c
_222
100 1 _aBenavides Dominguez, Manuel
_918993
_eautor
245 1 0 _aCurso superior de ortografía /
_cManuel Benavides Dominguez.
264 _aSanto Domingo :
_bSusaeta,
_c1981.
300 _a374 páginas :
_c22 cm.
336 _2rdacontent
_atexto
_btxt
337 _2rdamedia
_asin mediación
_bn
338 _2rdacarrier
_avolumen
_bnc
500 _aIncluye vocabulario de nombres históricos, geografráficos y de cultura general con su ortografía
590 _aInventariado, 2023/BT
650 4 _aEspañol
_xEnseñanza
_9406
650 4 _aEspañol
_xOrtografía
_xEnseñanza
_91228
910 _aBtavárez
942 _2ddc
_cLBS1
999 _c6624
_d6624